star wars clone commanders,capitain,commando and arc troopers - Statystyki

Ogólne statystyki
  • Ten quiz został rozwiązany 167 razy
    123 od ostatniego zresetowania
  • Średni wynik to 15 z 43
Statystyki odpowiedzi
Odpowiedź % Poprawnych
rex
98%
cody
94%
fives
87%
echo
82%
fox
68%
gregor
62%
wolffe
62%
gree
56%
bly
53%
hunter
53%
thorn
52%
tech
51%
crosshair
50%
wrecker
49%
jessie
38%
appo
37%
bacara
36%
scorch
29%
vaughn
28%
boss
26%
colt
26%
neyo
24%
sev
24%
ponds
22%
fixer
21%
howzer
21%
havoc
20%
doom
19%
keeli
19%
mayday
19%
blitz
18%
grey
18%
hammer
18%
stone
17%
fordo
16%
fil
14%
jet
12%
thire
12%
alpha 17
11%
trauma
11%
wilco
8%
monnk
6%
deviss
3%
Nie znaleziono quizów pasujących do podanych kryteriów
Rozkład punktacji
Procent ludzi z każdym wynikiem
Percentyl według liczby udzielonych odpowiedzi
Twoja historia wyników
Nie rozwiązałeś tego quizu od ostatniego zresetowania